Statistics for B Answers Quiz - Geography

Click here to take the quiz!

General Stats

  • This quiz has been taken 546 times
  • The average score is 16 of 25

Answer Stats

HintAnswer% Correct
Capital of GermanyBerlin
98%
Biggest country in South AmericaBrazil
98%
Capital of ChinaBeijing
96%
Capitals are Sucre and La PazBolivia
94%
Spain's second most populated cityBarcelona
92%
Capital is NassauBahamas
88%
Largest city in MassachusettsBoston
88%
Thick fast-growing grass and panda delicacyBamboo
84%
London residence of the British monarchsBuckingham
82%
Most populous British city outside of LondonBirmingham
81%
Island country in the Persian gulfBahrain
78%
The northernmost of the five NYC boroughsBronx
75%
Capital is BridgetownBarbados
73%
British island near the east coast of the USABermuda
70%
Formerly called British HondurasBelize
69%
Largest island in AsiaBorneo
62%
Means "Good Airs" in EnglishBuenos Aires
58%
Second most populous city in NorwayBergen
48%
"One night in _______ and the world's your oyster"Bangkok
44%
Swiss city with suburbs in both France and GermanyBasel
36%
Capital of BurundiBujumbura
35%
Also known as the Tsangpo RiverBrahmaputra
9%
Second largest city in CorsicaBastia
9%
One of the official languages of VanuatuBislama
4%
A historical name for PalauBelau
4%

Score Distribution

Percentile by Number Answered

Percent of People with Each Score

Your Score History

You have not taken this quiz